Les Pays plus peuplés que la France - Statistiques

Statistiques générales
  • Ce quiz a été pris 334 fois
  • Le résultat moyen est 15 sur 19
Statistiques - réponses
Rang Population Pays % Correct
1 1,412,600,000 Chine
100%
3 333,023,625 Etats-Unis
99%
2 1,360,681,968 Inde
99%
7 215,051,880 Brésil
97%
9 145,100,000 Russie
96%
19 83,695,430 Allemagne
94%
11 125,927,902 Japon
91%
10 128,271,248 Mexique
90%
4 275,773,800 Indonésie
81%
5 235,825,000 Pakistan
81%
6 218,541,000 Nigeria
77%
16 92,378,000 République démocratique du Congo
74%
14 103,741,958 Egypte
73%
8 165,158,616 Bangladesh
67%
17 85,715,510 Iran
66%
18 84,680,273 Turquie
66%
13 112,327,595 Philippines
57%
15 98,506,193 Viet Nam
57%
12 123,379,924 Ethiopie
56%
Aucun quiz correspondant
Distribution des résultats
% des personnes avec chaque résultat
Percentile par nombre de réponses
Votre historique - résultats
Vous n’avez pas pris ce quiz